Legal Medicine Manual : (Record no. 36020)

MARC details
000 -LEADER
fixed length control field 00609nam a22001937a 4500
005 - DATE AND TIME OF LATEST TRANSACTION
control field 20240703082037.0
008 - FIXED-LENGTH DATA ELEMENTS--GENERAL INFORMATION
fixed length control field 240703b |||||||| |||| 00| 0 eng d
020 ## - INTERNATIONAL STANDARD BOOK NUMBER
ISBN 9788184483482
082 ## - DEWEY DECIMAL CLASSIFICATION NUMBER
Classification number 614.1
Item number AGA-L
100 ## - MAIN ENTRY--AUTHOR
Author Name Agarwal Swapnil S
245 ## - TITLE STATEMENT
Title Legal Medicine Manual :
Remainder of title A Manual for government medical officers /
Statement of responsibility, etc. Swapnil S Agarwal, Lavlesh Kumar, Krishnadutt Chavali
260 ## - PUBLICATION, DISTRIBUTION, ETC.
Place of Publication India ;
Name of publisher, distributor, etc. Jaypee:
Date of publication, distribution, etc. 2008
300 ## - PHYSICAL DESCRIPTION
Pages xii,292p.
500 ## - GENERAL NOTE
General note Include index .
650 ## - SUBJECT ADDED ENTRY--TOPICAL TERM
Subject / Department Medical / Medicine
700 ## - ADDED ENTRY--PERSONAL NAME
Personal name Lavlesh Kumar,
700 ## - ADDED ENTRY--PERSONAL NAME
Personal name Krishnadutt Chavali
300 ## - PHYSICAL DESCRIPTION
-- ill;
-- 23.5 cm.
952 ## - LOCATION AND ITEM INFORMATION (KOHA)
-- 0
-- 0
952 ## - LOCATION AND ITEM INFORMATION (KOHA)
-- 0
-- 0
Holdings
Lost status Damaged status Collection code Permanent Location Current Location Shelving Location Date acquired Full Call Number Accession No./Barcode Date last seen Copy number item type Koha item type
    Medical Superior Information Resource Center (SIRC) Superior University- Main Campus Superior Information Resource Center (SIRC) Superior University- Main Campus Medicine 07/03/2024 614.1 AGA-L 2008 6620 07/03/2024 1 BOOK BOOK
    Medical Superior Information Resource Center (SIRC) Superior University- Main Campus Superior Information Resource Center (SIRC) Superior University- Main Campus Medicine 07/03/2024 614.1 AGA-L 2008 6621 07/03/2024 2 BOOK BOOK

Powered by Koha